000 00294nam a22001337a 4500
008 180124b xxu||||| |||| 00| 0 eng d
020 _a9780618301959
041 _aeng
080 _a94
100 _a16
101 _aHIS
245 _aA history of world societies
_cKay,J.P
942 _2udc
_cBK
999 _c40848
_d40848